000 00835nam a2200145 a 4500
008 120823s2010 ||||||||||||||||| || u
050 _aSCECSAL(058)PCSR
110 _aInstitute of Development Studies (IDS)
245 1 0 _aSCECSAL Pre-Conference Seminar Report: Strengthening information literacy interventions: Using creative approaches to teaching and learning
_cBY the Institute of Development Studies (IDS) and the Information Training and Outreach Centre for Africa (ITOCA)
260 _aGaborone
_bInstitute of Development Studies (IDS)
_c2010
300 _a41p.
650 _aINFORMATION LITERACY-CONGRESSES
710 _aInformation Training and Outreach Centre for Africa (ITOCA)
995 _FCBU-MAIN LIBRARY (Kitwe)
_M1
_UAVAILABLE
_WAug 28, 2012
_ZInternational Publications
999 _c57005
_d57005